UBT Library

Mitigation banking : (Record no. 41576)

000 -LEADER
fixed length control field 00963cam a2200241 a 4500
001 - CONTROL NUMBER
control field 3996076
005 - DATE AND TIME OF LATEST TRANSACTION
control field 20180202035151.0
008 - FIXED-LENGTH DATA ELEMENTS--GENERAL INFORMATION
fixed length control field 960103s1996 dcua b 001 0 eng
010 ## - LIBRARY OF CONGRESS CONTROL NUMBER
LC control number 96000840
020 ## - INTERNATIONAL STANDARD BOOK NUMBER
International Standard Book Number 1559633719 (pbk. : acidfree paper)
020 ## - INTERNATIONAL STANDARD BOOK NUMBER
International Standard Book Number 1559633719 (pbk.)
040 ## - CATALOGING SOURCE
Original cataloging agency DLC
Transcribing agency DLC
Modifying agency DLC
041 ## - LANGUAGE CODE
Language code of text/sound track or separate title eng
080 ## - UNIVERSAL DECIMAL CLASSIFICATION NUMBER
Universal Decimal Classification number 333.91816 lin
082 00 - DEWEY DECIMAL CLASSIFICATION NUMBER
Classification number 333.91816 lin
Edition number 20
100 ## - Rafti
Rafti 9
101 ## - Shkurtesa
Shkurtesa mje
245 00 - TITLE STATEMENT
Title Mitigation banking :
Statement of responsibility, etc edited by Lindell L. Marsh, Douglas R. Porter, and David A. Salvesen, in cooperation with the Urban Land Institute ; foreword by John DeGrove.
504 ## - BIBLIOGRAPHY, ETC. NOTE
Bibliography, etc Includes bibliographical references (p. 279-283) and index.
906 ## - LOCAL DATA ELEMENT F, LDF (RLIN)
a 7
b cbc
c orignew
d 1
e ocip
f 19
g y-gencatlg
942 ## - ADDED ENTRY ELEMENTS (KOHA)
Source of classification or shelving scheme
Item type Books
Holdings
Withdrawn status Lost status Source of classification or shelving scheme Damaged status Not for loan Collection code Permanent location Current location Shelving location Date acquired Total Checkouts Full call number Barcode Date last seen Price effective from Koha item type
          Koleksioni i përgjithshem UBT - Lipjan UBT - Lipjan Koleksioni i përgjithshem 02/02/2018   333.91816 lin 002-2997505 02/02/2018 02/02/2018 Books
UBT Library © 2015-2024. All rights reserved University Education for Business and Technology